000 00172nam a22000857a 4500
082 _a823
100 _aCBSE
245 _aCBSE UPDATE "COMPENDIUM OF CBSE CIRCULARS"
942 _cBK
999 _c8448
_d8448